000 00887nam a22002537a 4500
003 OSt
005 20251002030137.0
008 251002b |||||||| |||| 00| 0 eng d
020 _a9789712730719
040 _aDWC-Main Lib.
_cOC
100 _aMONTINOLA, GIANNA REYES
245 _aLaws for life/
_cMONTINOLA, GIANNA REYES
260 _aMandaluyong City, Philippines :
_bAnvil Publishing,
_cc2015.
300 _axviii, 218 pages :
_billustrations ;
_c20 cm.
504 _aIncludes index.
650 _a1. Birth certificate--Laws and legislation.
650 _a2. Children's rights.
650 _a3. Civil laws--Philippines.
650 _a4. Domestic relations.
650 _a5. Older people--Philippines--Legal status, laws, etc.
650 _a6. Question
650 _a7. Retirement, Mandatory--Philippines--Legal status, laws, etc.
942 _2ddc
_cBK - FIL
_hFil.
_n0
999 _c4628
_d4628